00345nam a2200133Ia 4500008004100000041000800041082001600049100001900065245004400084250000800128260002700136300001900163520002900182240719s9999 xx 000 0 und d aeng a658.421 KAP aKaplan, Jack M aPatterns Of Entrepreneurship Management a6th aNew DelhibWielyc2022 a376;. P. 24 Cm aGifted By : IMT Faculty